00394nam a2200181Ia 4500003000400000005001700004006001900021007000300040008004100043024001000084037001200094040002000106041001300126082002000139100001700159245002700176260000900203OSt20220928141614.0a|||||r|||| 00| 0 ta220927b |||||||| |||| 00| 0 eng d a16290 cTextual aSDCLcSDCLbeng 2engaeng aO142,3M28:g, L8 aJones Malcom 0aNew essays on Tolstoy. c1978